|
|
|
|
| LEADER |
02451cas a2200253 a 4500 |
| 001 |
AALejournalIMF008152 |
| 008 |
230101c9999 xx r poo 0 0eng d |
| 020 |
|
|
|c 5.00 USD
|
| 020 |
|
|
|z 9781451851830
|
| 022 |
|
|
|a 1018-5941
|
| 040 |
|
|
|a BD-DhAAL
|c BD-DhAAL
|
| 100 |
1 |
|
|a Iwata, Shigeru.
|
| 245 |
1 |
0 |
|a Why Is It So Hard to Finance Budget Deficits? :
|b Problems of a Developing Country /
|c Shigeru Iwata, Andrew Feltenstein.
|
| 264 |
|
1 |
|a Washington, D.C. :
|b International Monetary Fund,
|c 2002.
|
| 300 |
|
|
|a 1 online resource (20 pages)
|
| 490 |
1 |
|
|a IMF Working Papers
|
| 500 |
|
|
|a <strong>Off-Campus Access:</strong> No User ID or Password Required
|
| 500 |
|
|
|a <strong>On-Campus Access:</strong> No User ID or Password Required
|
| 506 |
|
|
|a Electronic access restricted to authorized BRAC University faculty, staff and students
|
| 520 |
3 |
|
|a This paper examines possible ways for a developing country to finance budget deficits from domestic resources. It does so by analyzing Pakistan's National Savings Scheme (NSS). The NSS has a number of unusual attributes, and its impact upon the economy of Pakistan is not clear, but given Pakistan's chronic fiscal difficulties, the NSS is of great importance in financing the public sector deficit. We use an econometric model to analyze the relationship between the demands for NSS deposits and various other financial instruments, in particular, bank deposits, and foreign-currency deposits. We conclude that NSS and bank deposits are net substitutes, as are NSS and foreign-currency deposits. Bank deposits and foreign-currency deposits, however, seem to be neither substitutes nor complements. Also, the estimated income elasticity of the demand for bank deposits is negative, while that of foreign-currency deposits is positive, and that of NSS is not significantly different from zero. Finally, there is evidence that foreign-currency deposits are a net substitute for NSS deposits. Thus, there is some empirical evidence that foreign currency deposits have absorbed part of the demand for NSS deposits. Accordingly, the availability of foreign-currency deposits may have reduced the ability of the government to finance itself.
|
| 538 |
|
|
|a Mode of access: Internet
|
| 700 |
1 |
|
|a Feltenstein, Andrew.
|
| 830 |
|
0 |
|a IMF Working Papers; Working Paper ;
|v No. 2002/095
|
| 856 |
4 |
0 |
|z Full text available on IMF
|u http://elibrary.imf.org/view/journals/001/2002/095/001.2002.issue-095-en.xml
|z IMF e-Library
|